No todo lo que brilla es oro (Registro nro. 3773)

Detalles MARC
000 -CABECERA
Campo de control 00959nam a2200265 a 4500
005 - FECHA Y HORA DE LA ULTIMA TRANSACCION
Campo de control 20160115062230.0
008 - ELEMENTOS DE LONGITUD FIJA—INFORMACION GENERAL
Campo de control 140312t1998 wauad gr|||| 00| 0 spa d
040 ## - FUENTE DE CATALOGACIÓN
Agencia catalogadora original CO-BoIAVH
Agencia transcriptora CO-BoIAVH
041 ## - IDIOMA
Código de idioma para texto/pista de sonido o título separado Español
044 ## - PAÍS DE PUBLICACIÓN
País de publicación Estados Unidos
082 #4 - NUMERO DE CLASIFICACION DECIMAL DEWEY
Número de clasificación 346.0467516
Número del ítem M67n
100 1# - ASIENTO PRINCIPAL--NOMBRE PERSONAL
Nombre personal Miranda, Marta
245 1# - MENCION DE TITULO
Título No todo lo que brilla es oro
Parte restante del título hacia un nuevo equilibrio entre conservación y desarrollo en las últimas fronteras forestales de Venezuela
260 ## - PUBLICACION, DISTRIBUCION, ETC. (PIE DE IMPRENTA)
Lugar de publicación, distribución, etc. Washington
Nombre del editor, distribuidor, etc. Instituto de Recursos Mundiales
Fecha de publicación, distribución, etc. 1998
300 ## - DESCRIPCION FISICA
Extensión 52 paginas.
Otros detalles físicos ilustraciones, gráficas. ;
Dimensiones 27 x 21 cm
650 #4 - ASIENTO SECUNDARIO DE MATERIA - TERMINO TEMATICO
Término temático o nombre geográfico como elemento de entrada Fronteras forestales
Subdivisión geográfica Venezuela
650 ## - ASIENTO SECUNDARIO DE MATERIA - TERMINO TEMATICO
Término temático o nombre geográfico como elemento de entrada Política forestal
Subdivisión geográfica Venezuela
650 ## - ASIENTO SECUNDARIO DE MATERIA - TERMINO TEMATICO
Término temático o nombre geográfico como elemento de entrada Actividades economicas
Subdivisión geográfica Venezuela
700 1# - ASIENTO SECUNDARIO - NOMBRE PERSONAL
Nombre personal Blanco Uribe, Alberto
700 1# - ASIENTO SECUNDARIO - NOMBRE PERSONAL
Nombre personal Hernández, Lionell
700 1# - ASIENTO SECUNDARIO - NOMBRE PERSONAL
Nombre personal Ochoa G., José
700 1# - ASIENTO SECUNDARIO - NOMBRE PERSONAL
Nombre personal Yerena, Edgard
942 ## - ELEMENTOS ADICIONALES (KOHA)
Tipo de ítem Libro
Sistema de clasificación Dewey Decimal Classification
945 ## - PROCESAMIENTO LOCAL
AAAA-MM-DD - Fecha de ingreso o modificacion 2004-03-26
Existencias
Withdrawn status Lost status Sistema de Clasificación Damaged status No para préstamo Colección Inventariado Ubicación Permanente Ubicación actual Fecha de adquisición Valor Total Checkouts Número topográfico Inventario / Código de Barras Date last seen Ejemplar Price effective from Forma de adquisición Tipo de material
    Dewey Decimal Classification     General Inventariado 2017 Bogotá Bogotá 26/03/2004 39000.00   LB-346.0467516 M67n 015574 04/12/2012 Ej. 1 04/12/2012   Libro